00760nam a22002177a 4500003000400000005001700004008004100021017004500062020001800107040000900125100004100134245013200175260003600307300002700343505002100370650001000391650005400401650003600455700003100491700002000522OSt20160321175649.0160321s2015 spc 000 0 spa d aDL B 23747-2015bBiblioteca de Catalunya a9788416372058 cCDMR1 aMartín de Pozuelo, Eduardo,d1952-10aObjetivo b: califato universal : claves para entender el yihadismo cEduardo Martín de Pozuelo, Jordi Bordas, Eduard Yitzhak aBarcelona bLa Vanguardiac2015 a200 p. :bil. ;c23 cm8 aInclou: Glossari 4aGihad 7aTerrorismexAspectes religiososxIslamisme2lemac 7aFonamentalisme islàmic2lemac1 aBordas Gifra, Jordid1947-1 aYitzhak, Eduard